Strategic planning for the industrial engineering function (Record no. 4223)

000 -LEADER
fixed length control field 00620nam a2200229 a 4500
001 - CONTROL NUMBER
control field 4223
003 - CONTROL NUMBER IDENTIFIER
control field BD-DhUET
008 - FIXED-LENGTH DATA ELEMENTS--GENERAL INFORMATION
fixed length control field 850806s1986 nyu b 001 0 eng
020 ## - INTERNATIONAL STANDARD BOOK NUMBER
International Standard Book Number 0442261853
040 ## - CATALOGING SOURCE
Original cataloging agency DLC
Transcribing agency DLC
Modifying agency BD-DhUET
082 00 - DEWEY DECIMAL CLASSIFICATION NUMBER
Classification number 658.5036
Item number BYR/1986
100 ## - MAIN ENTRY--PERSONAL NAME
Personal name Byrd, Jack
245 10 - TITLE STATEMENT
Title Strategic planning for the industrial engineering function
250 ## - EDITION STATEMENT
Edition statement 1st ed.
260 ## - PUBLICATION, DISTRIBUTION, ETC. (IMPRINT)
Place of publication, distribution, etc. New York
Name of publisher, distributor, etc. Van Nostrand Reinhold
Date of publication, distribution, etc. 1986
300 ## - PHYSICAL DESCRIPTION
Extent xv, 281 p.
Dimensions 24 cm.
504 ## - BIBLIOGRAPHY, ETC. NOTE
Bibliography, etc Includes bibliographies
650 #0 - SUBJECT ADDED ENTRY--TOPICAL TERM
Topical term or geographic name as entry element industrial engineering
650 #0 - SUBJECT ADDED ENTRY--TOPICAL TERM
Topical term or geographic name as entry element Business planning
700 ## - ADDED ENTRY--PERSONAL NAME
Personal name Moore, L. Ted
942 ## - ADDED ENTRY ELEMENTS (KOHA)
Koha item type General Book
Holdings
Lost status Koha full call number Koha normalized classification for sorting Koha date last seen Shelving location Koha item type Not for loan Sublocation or collection (holding branch) Piece designation (barcode) Copy number Location (home branch) Withdrawn status Source of classification or shelving scheme Price effective from Date acquired Damaged status
 65658.5036/1986/BYR65658_000000000000000_503619862014-11-13Circulation sectionGeneral Book Central Library, BUET754851Central Library, BUET  2014-11-132014-11-13 
 658.5036/BYR/1986658_503600000000000_BYR_19862015-02-25Circulation sectionGeneral Book Central Library, BUET754602Central Library, BUET  2015-02-252015-02-25